[Event "Regionalliga Sued-Ost 1718"]
[Site "Bayern"]
[Date "2017.10.22"]
[Round "1.3"]
[White "Schmidt, Anton"]
[Black "Schweiger, Georg"]
[Result "1-0"]
[WhiteElo "2026"]
[BlackElo "1989"]
[PlyCount "83"]
[EventDate "2017.10.22"]
[EventType "team-tourn"]
[EventRounds "9"]
[EventCountry "GER"]
[SourceTitle "EXT 2022"]
[Source "ChessBase"]
[SourceDate "2021.10.06"]
[SourceVersion "1"]
[SourceVersionDate "2021.10.06"]
[SourceQuality "1"]
[WhiteTeam "Groebenzell II"]
[BlackTeam "Ebersberg Grafing"]
[WhiteTeamCountry "GER"]
[BlackTeamCountry "GER"]

1. c4 f5 2. g3 Nf6 3. Bg2 e6 4. Nf3 Be7 5. 0-0 0-0 6. Nc3 d6 7. d3 a5 8. a3 Qe8 9. b3 Qh5 10. Bb2 Nc6 11. Nb5 Bd8 12. d4 Ne4 13. d5 Nb8 14. Nd2 c6 15. Nxe4 fxe4 16. Nxd6 Na6 17. Nxc8 Rxc8 18. Bxe4 Bb6 19. Bf3 Qh3 20. Rc1 exd5 21. cxd5 Rcd8 22. Qd2 Rd6 23. Qc3 Rg6 24. Bg2 Qf5 25. dxc6 Bxf2+ 26. Kh1 bxc6 27. Qc4+ Kh8 28. Rxf2 Qxf2 29. Rf1 Qxf1+ 30. Bxf1 Rxf1+ 31. Kg2 Rf8 32. Qxa6 Re6 33. Qd3 Rfe8 34. Kf2 Rf8+ 35. Ke1 Rfe8 36. Bc3 a4 37. bxa4 c5 38. a5 Re3 39. Qc4 R3e4 40. Qb5 c4 41. Qb2 R4e7 42. Bd4 1-0

[Event "Oberbayern Bezirksliga 1617"]
[Site "Germany"]
[Date "2016.11.20"]
[Round "2.4"]
[White "Schweiger, Georg"]
[Black "Szalewa, Sven"]
[Result "1-0"]
[WhiteElo "2035"]
[BlackElo "2062"]
[PlyCount "91"]
[EventDate "2016.10.16"]
[EventType "team-tourn"]
[EventRounds "9"]
[EventCountry "GER"]
[SourceTitle "EXT 2019"]
[Source "ChessBase"]
[SourceDate "2018.10.10"]
[SourceVersion "1"]
[SourceVersionDate "2018.10.10"]
[SourceQuality "1"]
[WhiteTeam "Ebersberg Grafing"]
[BlackTeam "Starnberg"]
[WhiteTeamCountry "GER"]
[BlackTeamCountry "GER"]

1. d4 d5 2. Nc3 e6 3. Nf3 c5 4. e4 Nf6 5. Bg5 dxe4 6. Bxf6 gxf6 7. Nxe4 cxd4 8. Qxd4 Qxd4 9. Nxd4 f5 10. Bb5+ Ke7 11. Nc3 a6 12. Be2 b5 13. Bf3 Ra7 14. 0-0-0 Bb7 15. Bxb7 Rxb7 16. Rhe1 Kf6 17. Rd3 Rd7 18. Red1 Bh6+ 19. Kb1 Rhd8 20. a4 b4 21. Na2 Bf8 22. Nc1 e5 23. Ndb3 e4 24. Rxd7 Rxd7 25. Rxd7 Nxd7 26. Nd4 Nc5 27. b3 Ne6 28. Nc6 Nf4 29. Na2 Nd5 30. Nb8 a5 31. Kc1 Ke6 32. Nc6 Bc5 33. Nxa5 Bxf2 34. Kd1 e3 35. Nc4 Nf4 36. Nc1 Nxg2 37. Nd3 Bg1 38. h3 f4 39. Ke2 Nh4 40. Nxf4+ Kf5 41. Nd3 Ke4 42. Nd6+ Kd4 43. a5 Bh2 44. a6 f5 45. a7 f4 46. Nb5+ 1-0

[Event "Regionalliga SO 1314"]
[Site "Bayern"]
[Date "2013.11.24"]
[Round "3.3"]
[White "Schweiger, Georg"]
[Black "Neubauer, Andreas"]
[Result "0-1"]
[WhiteElo "2113"]
[BlackElo "2104"]
[PlyCount "62"]
[EventDate "2013.10.13"]
[EventType "team-tourn"]
[EventRounds "9"]
[EventCountry "GER"]
[SourceTitle "EXT 2015"]
[Source "ChessBase"]
[SourceDate "2014.11.20"]
[SourceVersion "1"]
[SourceVersionDate "2014.11.20"]
[SourceQuality "1"]
[WhiteTeam "Ebersberg Grafing"]
[BlackTeam "Landshut"]
[WhiteTeamCountry "GER"]
[BlackTeamCountry "GER"]

1. e4 c5 2. Na3 d6 3. c3 Nf6 4. f4 e5 5. d3 Be7 6. Nf3 Nc6 7. Be2 0-0 8. 0-0 Rb8 9. fxe5 dxe5 10. Nc4 Qc7 11. a4 Be6 12. Ne3 Rbd8 13. Ng5 Bc8 14. Qe1 h6 15. Nf3 Na5 16. Qg3 c4 17. Nd5 Nxd5 18. exd5 Nb3 19. Nxe5 Nxc1 20. Raxc1 Bd6 21. d4 f6 22. Qg6 fxe5 23. b3 exd4 24. bxc4 Bxh2+ 25. Kh1 Rxf1+ 26. Rxf1 Rf8 27. cxd4 Rxf1+ 28. Bxf1 Bd7 29. c5 Qf4 30. Bd3 Bg3 31. Qh7+ Kf8 0-1

[Event "Regionalliga SO 1314"]
[Site "Bayern"]
[Date "2013.10.13"]
[Round "1.2"]
[White "Lettl, Gerhard"]
[Black "Schweiger, Georg"]
[Result "1/2-1/2"]
[WhiteElo "2068"]
[BlackElo "2113"]
[PlyCount "70"]
[EventDate "2013.10.13"]
[EventType "team-tourn"]
[EventRounds "9"]
[EventCountry "GER"]
[SourceTitle "EXT 2015"]
[Source "ChessBase"]
[SourceDate "2014.11.20"]
[SourceVersion "1"]
[SourceVersionDate "2014.11.20"]
[SourceQuality "1"]
[WhiteTeam "Tegernsee"]
[BlackTeam "Ebersberg Grafing"]
[WhiteTeamCountry "GER"]
[BlackTeamCountry "GER"]

1. e4 Nc6 2. d4 e5 3. Nf3 exd4 4. Nxd4 Qh4 5. Nc3 Bb4 6. Be2 Qxe4 7. Ndb5 Kd8 8. 0-0 Bxc3 9. Nxc3 Qd4 10. Qe1 Nf6 11. Bg5 Re8 12. Rd1 Qe5 13. Qd2 d6 14. Bf3 Be6 15. Rfe1 Qf5 16. b4 Kc8 17. Bxf6 Qxf6 18. a4 Ne5 19. Be4 Nc4 20. Qd3 Rb8 21. Nd5 Bxd5 22. Bxd5 Ne5 23. Qe3 c6 24. Bb3 Kc7 25. Qxa7 Ng4 26. Rf1 Qe5 27. g3 Qh5 28. h4 Ne5 29. a5 Nf3+ 30. Kg2 Nxh4+ 31. gxh4 Qg4+ 32. Kh2 Qxh4+ 33. Kg2 Qg4+ 34. Kh2 Re5 35. Bxf7 Qh4+ 1/2-1/2

[Event "Regionalliga SO 1213"]
[Site "Bayern"]
[Date "2013.02.03"]
[Round "6.2"]
[White "Schweiger, Georg"]
[Black "Gesing, Oliver"]
[Result "1-0"]
[WhiteElo "2112"]
[BlackElo "2078"]
[PlyCount "47"]
[EventDate "2012.10.14"]
[EventType "team-tourn"]
[EventRounds "9"]
[EventCountry "GER"]
[SourceTitle "EXT 2015"]
[Source "ChessBase"]
[SourceDate "2014.11.20"]
[SourceVersion "1"]
[SourceVersionDate "2014.11.20"]
[SourceQuality "1"]
[WhiteTeam "Ebersberg Grafing"]
[BlackTeam "Graefelfing"]
[WhiteTeamCountry "GER"]
[BlackTeamCountry "GER"]

1. e4 e6 2. d4 d5 3. Nc3 Bb4 4. a3 Bxc3+ 5. bxc3 dxe4 6. Qg4 Nf6 7. Qxg7 Rg8 8. Qh6 Nbd7 9. Nh3 Rg6 10. Qe3 b6 11. Nf4 Rg8 12. Be2 Bb7 13. 0-0 Ng4 14. Qh3 Ndf6 15. f3 exf3 16. Bxf3 Be4 17. Re1 Bf5 18. Bc6+ Nd7 19. Qh5 Kf8 20. a4 Kg7 21. h3 Ngf6 22. Qh4 Kh8 23. Ba3 Rc8 24. Bxd7 1-0

[Event "Regionalliga SO 1213"]
[Site "Bayern"]
[Date "2012.10.14"]
[Round "1.2"]
[White "Schweiger, Georg"]
[Black "Lettl, Gerhard"]
[Result "0-1"]
[WhiteElo "2112"]
[BlackElo "2092"]
[PlyCount "58"]
[EventDate "2012.10.14"]
[EventType "team-tourn"]
[EventRounds "9"]
[EventCountry "GER"]
[SourceTitle "EXT 2015"]
[Source "ChessBase"]
[SourceDate "2014.11.20"]
[SourceVersion "1"]
[SourceVersionDate "2014.11.20"]
[SourceQuality "1"]
[WhiteTeam "Ebersberg Grafing"]
[BlackTeam "Tegernsee"]
[WhiteTeamCountry "GER"]
[BlackTeamCountry "GER"]

1. e4 e5 2. Nc3 Nf6 3. g3 Bc5 4. Bg2 Nc6 5. Nf3 d6 6. 0-0 0-0 7. d3 a6 8. Be3 Bxe3 9. fxe3 h6 10. Nh4 g6 11. Nd5 Nxd5 12. exd5 Ne7 13. e4 f5 14. d4 f4 15. dxe5 dxe5 16. gxf4 exf4 17. Qd2 g5 18. Nf3 Ng6 19. Nd4 Qd6 20. Rae1 Ne5 21. Qc3 g4 22. Nf5 Bxf5 23. exf5 Rxf5 24. Be4 Rg5 25. Rf2 Rf8 26. Ref1 f3 27. Kh1 Rf4 28. Qe1 Nf7 29. Rg1 Re5 0-1

[Event "Wch Seniors 20th"]
[Site "Arco"]
[Date "2010.10.29"]
[Round "4"]
[White "Giani, Franco"]
[Black "Schweiger, Georg"]
[Result "0-1"]
[WhiteElo "1988"]
[BlackElo "2166"]
[PlyCount "56"]
[EventDate "2010.10.26"]
[EventType "swiss"]
[EventRounds "11"]
[EventCountry "ITA"]
[SourceTitle "EXT 2011"]
[Source "ChessBase"]
[SourceDate "2010.11.26"]
[SourceVersion "1"]
[SourceVersionDate "2010.11.26"]
[SourceQuality "1"]

1. e3 d5 2. d4 Nf6 3. c4 c6 4. Nc3 g6 5. Be2 Bg7 6. c5 b6 7. b4 a5 8. bxa5 bxc5 9. Rb1 Qxa5 10. Bd2 Qa7 11. Nf3 Nfd7 12. 0-0 0-0 13. a4 cxd4 14. exd4 Bxd4 15. Nxd4 Qxd4 16. Qc1 Qf6 17. Bg5 Qd6 18. Rd1 Ba6 19. Bxa6 Nxa6 20. Qe3 e5 21. Qf3 f5 22. Qg3 Rab8 23. Qh4 Rb4 24. Be7 Rxh4 25. Bxd6 Ra8 26. Rb7 Ndc5 27. g3 Rc4 28. Ne2 Nxb7 0-1

[Event "Wch Seniors 20th"]
[Site "Arco"]
[Date "2010.10.28"]
[Round "3"]
[White "Schweiger, Georg"]
[Black "Bapoglu, Ibrahim"]
[Result "1-0"]
[WhiteElo "2166"]
[BlackElo "1900"]
[PlyCount "57"]
[EventDate "2010.10.26"]
[EventType "swiss"]
[EventRounds "11"]
[EventCountry "ITA"]
[SourceTitle "EXT 2011"]
[Source "ChessBase"]
[SourceDate "2010.11.26"]
[SourceVersion "1"]
[SourceVersionDate "2010.11.26"]
[SourceQuality "1"]

1. d4 Nf6 2. Nc3 e6 3. Bg5 d5 4. Nf3 Be7 5. Bxf6 Bxf6 6. e4 dxe4 7. Nxe4 Nd7 8. Bc4 0-0 9. Qe2 c6 10. 0-0-0 Qc7 11. Kb1 b5 12. Bd3 Bb7 13. h4 Rab8 14. g4 c5 15. Neg5 Rfe8 16. Bxh7+ Kf8 17. Be4 c4 18. Bxb7 Qxb7 19. Ne4 Be7 20. g5 Bb4 21. h5 f5 22. gxf6 Nxf6 23. Nxf6 gxf6 24. Nh4 Qh7 25. Ng6+ Kf7 26. Qf3 Be7 27. Ne5+ Kg8 28. Rdg1+ Kf8 29. h6 1-0

[Event "Wch Seniors 20th"]
[Site "Arco"]
[Date "2010.10.27"]
[Round "2"]
[White "Bisignano, Giuseppe"]
[Black "Schweiger, Georg"]
[Result "1-0"]
[WhiteElo "1897"]
[BlackElo "2166"]
[PlyCount "45"]
[EventDate "2010.10.26"]
[EventType "swiss"]
[EventRounds "11"]
[EventCountry "ITA"]
[SourceTitle "EXT 2011"]
[Source "ChessBase"]
[SourceDate "2010.11.26"]
[SourceVersion "1"]
[SourceVersionDate "2010.11.26"]
[SourceQuality "1"]

1. e4 e6 2. d4 d5 3. Nc3 Bb4 4. e5 c5 5. a3 Bxc3+ 6. bxc3 Qa5 7. Bd2 Qa4 8. Nf3 cxd4 9. cxd4 b6 10. Bd3 Ba6 11. Bb4 Nc6 12. 0-0 Bxd3 13. Qxd3 Nge7 14. Rfe1 h6 15. Rab1 Kd7 16. Nd2 Rhc8 17. c4 Nxb4 18. axb4 Rc7 19. Ra1 Qxb4 20. Reb1 dxc4 21. Qc2 Nd5 22. Rxb4 Nxb4 23. Qa4+ 1-0

[Event "Regionalliga SO 0809"]
[Site "Bayern"]
[Date "2009.03.01"]
[Round "7.2"]
[White "Schweiger, Georg"]
[Black "Huch, Reiner"]
[Result "1/2-1/2"]
[WhiteElo "2059"]
[BlackElo "2253"]
[PlyCount "51"]
[EventDate "2008.10.05"]
[EventType "team-tourn"]
[EventRounds "9"]
[EventCountry "GER"]
[SourceTitle "EXT 2020"]
[Source "ChessBase"]
[SourceDate "2019.10.17"]
[SourceVersion "1"]
[SourceVersionDate "2019.10.17"]
[SourceQuality "1"]
[WhiteTeam "Ebersberg"]
[BlackTeam "Trostberg"]
[WhiteTeamCountry "GER"]
[BlackTeamCountry "GER"]

1. e4 e6 2. d4 d5 3. Nc3 Nf6 4. Bg5 Bb4 5. e5 h6 6. exf6 hxg5 7. fxg7 Rg8 8. h4 gxh4 9. Qg4 Qf6 10. Rxh4 Qxg7 11. Qxg7 Rxg7 12. Rh8+ Bf8 13. 0-0-0 c6 14. Nf3 Nd7 15. g3 b6 16. Bd3 Bb7 17. Rdh1 0-0-0 18. Ne2 Bd6 19. R1h7 Rxh8 20. Rxh8+ Kc7 21. Rh6 c5 22. c3 Bc6 23. Kd2 Bf8 24. Rh8 Bd6 25. Rh6 Bf8 26. Rh8 1/2-1/2

[Event "Regionalliga SO 0809"]
[Site "Bayern"]
[Date "2009.01.11"]
[Round "5.3"]
[White "Seisenberger, Georg"]
[Black "Schweiger, Georg"]
[Result "1/2-1/2"]
[WhiteElo "2051"]
[BlackElo "2059"]
[PlyCount "58"]
[EventDate "2008.10.05"]
[EventType "team-tourn"]
[EventRounds "9"]
[EventCountry "GER"]
[SourceTitle "EXT 2020"]
[Source "ChessBase"]
[SourceDate "2019.10.17"]
[SourceVersion "1"]
[SourceVersionDate "2019.10.17"]
[SourceQuality "1"]
[WhiteTeam "Ilmmuenster"]
[BlackTeam "Ebersberg"]
[WhiteTeamCountry "GER"]
[BlackTeamCountry "GER"]

1. e4 e6 2. d4 d5 3. Nc3 Bb4 4. exd5 exd5 5. Bd3 Ne7 6. a3 Bxc3+ 7. bxc3 Bf5 8. Rb1 Bxd3 9. Qxd3 b6 10. Ne2 0-0 11. 0-0 Nbc6 12. f4 f5 13. c4 Na5 14. cxd5 Qxd5 15. Bd2 Nec6 16. Rb5 Qc4 17. d5 Rad8 18. Bxa5 Nxa5 19. Rf3 a6 20. Qxc4 Nxc4 21. Rb4 b5 22. Rd3 Rfe8 23. Kf2 Re4 24. g3 Nb6 25. Nc3 Rc4 26. Rxc4 Nxc4 27. Nd1 g6 28. Ne3 Nd6 29. Kf3 Rd7 1/2-1/2

[Event "Regionalliga SO 0809"]
[Site "Bayern"]
[Date "2008.11.30"]
[Round "3.2"]
[White "Schweiger, Georg"]
[Black "Poetsch, Klaus"]
[Result "1/2-1/2"]
[WhiteElo "2059"]
[BlackElo "2140"]
[PlyCount "52"]
[EventDate "2008.10.05"]
[EventType "team-tourn"]
[EventRounds "9"]
[EventCountry "GER"]
[SourceTitle "EXT 2020"]
[Source "ChessBase"]
[SourceDate "2019.10.17"]
[SourceVersion "1"]
[SourceVersionDate "2019.10.17"]
[SourceQuality "1"]
[WhiteTeam "Ebersberg"]
[BlackTeam "Waldkraiburg"]
[WhiteTeamCountry "GER"]
[BlackTeamCountry "GER"]

1. d4 d5 2. Nc3 e6 3. Nf3 f5 4. Bf4 Nf6 5. e3 Be7 6. h3 0-0 7. Ne5 Nbd7 8. Bd3 Ne4 9. Ne2 Bh4 10. 0-0 Bf6 11. c4 Bxe5 12. Bxe5 Nxe5 13. dxe5 Nc5 14. b4 Nd7 15. f4 Qe7 16. c5 a5 17. a3 Nb8 18. Nd4 Bd7 19. Qc2 Nc6 20. b5 Nxd4 21. exd4 Be8 22. a4 Kh8 23. Qd2 Qh4 24. Kh2 Rg8 25. g3 Qe7 26. Rg1 h5 1/2-1/2